书目信息 |
| 题名: |
杜登德语规范词典
|
|
| 作者: | 克洛泽 主编 ;高年生 主编译 | |
| 分册: | ||
| 出版信息: | 北京 外语教学与研究出版社 2005 |
|
| 页数: | 714页 | |
| 开本: | 21cm | |
| 丛书名: | ||
| 单 册: | ||
| 中图分类: | H336 | |
| 科图分类: | ||
| 主题词: | 德语--词典 | |
| 电子资源: | ||
| ISBN: | 7-5600-3211-7 | |
| 000 | 01002nam0 2200277 45 | |
| 001 | 012003958736 | |
| 005 | 20070805095618.76 | |
| 009 | 012003958736 | |
| 010 | @a7-5600-3211-7@b精装@dCNY35.90 | |
| 035 | @a(110017)012005004776 | |
| 100 | @a20050531d2005 em y0chiy0110 ea | |
| 101 | 1 | @achi@cger |
| 102 | @aCN@b110000 | |
| 105 | @ay e 000yy | |
| 106 | @ar | |
| 200 | 1 | @a杜登德语规范词典@Adu deng de yu gui fan ci dian@f(德)克洛泽(Klosa, A.)主编@F( de ) ke luo ze (Klosa, A.) zhu bian@g高年生主编译@Ggao nian sheng zhu bian yi |
| 210 | @a北京@c外语教学与研究出版社@d2005 | |
| 215 | @a714页@d21cm | |
| 330 | @a本书共收条目5500余则,不仅有简单明了的具体词条,而且包括内容详尽的综合性条目,是一部按词目顺序排列的德语疑难问题语法词典。 | |
| 510 | 1 | @aDUDEN Richtiges und Gutes Deutsch@zfre |
| 606 | 0 | @a德语@j词典 |
| 690 | @aH336@v4 | |
| 701 | 0 | @c(德)@a克洛泽@Ake luo ze@c(Klosa, A.)@4主编 |
| 702 | 0 | @a高年生@Agao nian sheng@4主编译 |
| 801 | 0 | @aCN@b110017@c20070805 |
| 905 | @dH336@e176 | |
| 杜登德语规范词典/(德)克洛泽(Klosa, A.)主编/高年生主编译.-北京:外语教学与研究出版社,2005 |
| 714页;21cm |
| ISBN 7-5600-3211-7(精装):CNY35.90 |
| 本书共收条目5500余则,不仅有简单明了的具体词条,而且包括内容详尽的综合性条目,是一部按词目顺序排列的德语疑难问题语法词典。 |
| ● |
| 相关链接 |
|
|
|
|
正题名:杜登德语规范词典
索取号:H336/176
 
预约/预借
| 序号 | 登录号 | 条形码 | 馆藏地/架位号 | 状态 | 备注 |
| 1 | 0852123 | 208521232 | 第二样本阅览室/ [索取号:H336/176] | 在馆 | |
| 2 | 0852124 | 208521241 | 密集书库/ [索取号:H336/176] | 在馆 | |
| 3 | 0852125 | 208521250 | 工具书阅览室/ [索取号:H336/176] | 在馆 |